| 000 | 00962nam a22001697a 4500 | ||
|---|---|---|---|
| 003 | IT-RoPau | ||
| 005 | 20220918181219.0 | ||
| 008 | 140321b xxu||||| |||| 00| 0 eng d | ||
| 040 | _cIT-RoPau | ||
| 100 |
_aFamiglia Paolina _998 |
||
| 245 | _aConosci tuo Padre per "essere san Paolo oggi vivente" | ||
| 260 |
_bTipolitografia Trullo srl _c2008 |
||
| 300 |
_a68 pp. _c21 cm |
||
| 490 | _aItinerario spirituale per la Famiglia Paolina | ||
| 520 | _aIndice Presentazione Introduzione Come vivere l'esercizio di preghiera 1° giorno: Preambolo 2° giorno: Gloria al Padre - Via di purificazione 3° giorno: Gloria al Padre - Via di purificazione 4° giorno: Gloria al Figlio - Via di illuminazione 5° giorno: Gloria al Figlio - Via di illuminazione 6° giorno: Gloria allo Spirito Santo - Via di unione 7° giorno: Gloria allo Spirito Santo - Via di unione Schema di sintesi per l'esame di coscienza Proposta di progetto spirituale Sigle | ||
| 942 |
_2ddc _cBK |
||
| 999 |
_c104245 _d104245 |
||